Posledná (dedinská) láska

Bibliographic Details
Main Author: Mašlejová, Diana, 1987- (Author)
Format: Article
Language:Slovak
PhysicalDescription:Kresba
ISSN:1335-1702
Subjects:

MARC

LEADER 00000nab a2200000 a 4500
001 vtls010194756
003 SK-MaSNL
005 20260304155517.0
008 250507c2010 xo ||||||||||||00 b|slo
015 |a SNBRB2010/12  |2 snkbucl 
035 |a (uuid)aed7dd04-05e6-40c3-82a1-17fb242c4434 
035 |a urn:nbn:sk:snk-ab9x9o 
035 |a (urnnbn)urn:nbn:sk:snk:ar-a093ai 
038 |a SNKBUCL 
040 |a SNKBUCL  |b slo  |c SNKBUCL  |e AACR2 
041 0 |a slo 
044 |a xo  |c SK 
080 |a 821.162.4-32  |2 2001 
100 1 |a Mašlejová, Diana,  |d 1987-  |4 aut  |9 134663 
245 1 0 |a Posledná (dedinská) láska  |c Diana Mašlejová 
300 |b Kresba 
650 0 7 |a slovenské poviedky  |2 snkbucl  |9 111049 
773 0 |t RAK  |g Roč. XV, č. 8-9 (2010), s. 44-45  |x 1335-1702 
850 |a Slovenská národná knižnica 
852 |a Slovenská národná knižnica 
958 |a article13 
958 |a OND 
958 |a LX 
958 |a SK 
958 |a EUIPO 
999 |c 2962772  |d 2964702